[Event "London Classic op 7th"]
[Site "London"]
[Date "2015.12.04"]
[Round "1"]
[White "Watson, John L"]
[Black "Motlhatlhelo, Thapelo"]
[Result "1-0"]
[WhiteElo "2277"]
[BlackElo "1851"]
[PlyCount "82"]
[EventDate "2015.12.04"]
[EventType "swiss"]
[EventRounds "9"]
[EventCountry "ENG"]
[SourceTitle "CBM 169 Extra"]
[Source "ChessBase"]
[SourceDate "2015.12.18"]
[SourceVersion "1"]
[SourceVersionDate "2015.12.18"]
[SourceQuality "1"]

1. d4 d5 2. c4 e6 3. Nc3 Nf6 4. cxd5 exd5 5. Bg5 Nbd7 6. e3 c6 7. Bd3 Bd6 8. Qc2 a6 9. Nf3 h6 10. Bh4 Qc7 11. 0-0 0-0 12. Rac1 c5 13. dxc5 Qxc5 14. Rfd1 b5 15. Qe2 Qb6 16. Nd4 Re8 17. Bf5 Bb7 18. Bxd7 Nxd7 19. Nf5 Bf8 20. Qd2 Qg6 21. Nd4 Ne5 22. Bg3 Bd6 23. b3 Rac8 24. Nce2 Ng4 25. Nf4 Qe4 26. Kh1 g5 27. Nh5 Qg6 28. Bxd6 Qxd6 29. Ng3 h5 30. Ndf5 Qe5 31. h3 h4 32. hxg4 hxg3 33. Nxg3 Rxc1 34. Qxc1 Bc8 35. Qc6 Bxg4 36. Rxd5 Qh8+ 37. Kg1 Rc8 38. Rxg5+ Kf8 39. Qd6+ Ke8 40. Rxg4 Rc1+ 41. Nf1 f5 1-0